000 00593nam a2200229Ia 4500
003 OSt
005 20221007081956.0
006 a|||||r|||| 00| 0
007 ta
008 221006b |||||||| |||| 00| 0 eng d
024 _a29,023
037 _cTextual
040 _aFLL
_cFLL
_beng
041 _2eng
_aeng
082 _aZ8:4, L0
100 _aHiggins P.F.P.
_9698419
245 0 _aElements of torts in Australia
260 _aSydney
_bButterworths Sydney
_c1970
300 _a688p
_ccm.
942 _hZ8:4, L0
_cTEXL
_2CC
999 _c1164911
_d1164911